Normal view
MARC view
Entry Personal Name
001 - CONTROL NUMBER
- control field: 29755
003 - CONTROL NUMBER IDENTIFIER
- control field: OSt
005 - DATE AND TIME OF LATEST TRANSACTION
- control field: 20220211153136.0
008 - FIXED-LENGTH DATA ELEMENTS
- fixed length control field: 220211|| aca||aabn | a|a d
040 ## - CATALOGING SOURCE
- Original cataloging agency: OSt
- Transcribing agency: OSt
100 ## - HEADING--PERSONAL NAME
- Personal name: Sarkar, Soumen
670 ## - SOURCE DATA FOUND
- Source citation: Work cat.: (OSt)518684: Sarkar, Soumen , Rising mortgage fraud in India: Identification of loopholes and suggestive measures
